Klimatičeskije i biologičeskije posledstvija jadernoj vojny

Gespeichert in:
Bibliographische Detailangaben
Format: Buch
Sprache:Russisch
Veröffentlicht: Moskva : Nauka, 1987
Tags: Tag hinzufügen
Keine Tags, Fügen Sie das erste Tag hinzu!

MARC

LEADER 00000nam a22000003a 4500
001 stu8970
005 20141122100303.5
008 960425s1987----xxr-----------------rus-d
040 |a STU  |b slo 
041 0 |a rus 
044 |a xxr 
080 |a 502.578 
080 |a 623.454.8 
245 |a Klimatičeskije i biologičeskije posledstvija jadernoj vojny 
260 |a Moskva :  |b Nauka,  |c 1987 
300 |a 287 s 
996 |b E63696  |c E*63696  |l EE10  |s P  |a 0  |w stu8970_0001